000 00729nam a22002537i 4500
003 DO-SdBNP
005 20240716100716.0
006 a||||gr|||| 00| 0
007 ta
008 240715t1967 sp a|||| |||| 00| m spa d
040 _aDO-SdBNP
_bspa
_cBNPHU
_erda
082 4 _222
_bG156
100 1 _aGalí Herrera, J.
_986079
_eautor
245 1 0 _aDidáctica del lenguaje /
_cJ. Galí Herrera.
264 4 _aMadrid, España :
_bteide,
_c©1967
300 _a64 páginas
_c18 cm.
336 _2rdacontent
_atexto
_btxt
337 _2rdamedia
_asin mediación
_bn
338 _2rdacarrier
_avolumen
_bnc
590 _aInventariado 2024 / MF
650 4 _aDidáctica
_979315
650 4 _aLenguaje y Lengua
_99143
942 _2ddc
_cLBS1
999 _c57292
_d57292